Responses for show #8308 - Wednesday, January 6, 2021

Originally slated to air 2020-12-23.

Contestants

[<< previous game]

Yoshie Hill, an executive assistant from Colma, California

Jared Blum, an anesthesiologist from Bellingham, Washington

Manisha Munshi, an attorney from San Francisco, California (whose 1-day cash winnings total $7,100)

[next game >>]

Jeopardy! Round responses

ALL ABOUT ADAM & EVE
"ME" TV
YOUR GOVERNMENT AT WORK
4,4
(Alex: Each correct response--two four-letter words.)
INSPECTOR
GADGET
    $200 1
the dust

Manisha
    $200 3
Melrose Place

Yoshie
    $200 17
postmaster general

Jared
    $200 21
(Alex: Less than a minute now.)

jury duty

Yoshie
    $200 26
[The end-of-round signal sounds.]

Scotland Yard

Manisha
    $200 4
(Manisha: What's an iPad?)

a tablet

ManishaYoshie
    $400 2
(Manisha: What is utopia?)

paradise

ManishaYoshie
    $400 5
Meet the Press

Jared
    $400 20
the census

Manisha
    $400 22
(Yoshie: Uh, punch. Sorry.)

a bird bath

JaredYoshie
    $400 9
a turntable

Yoshie
    $600 6
a serpent

Yoshie
    $600 14
30-minute meals

Manisha
    $600 13
(Jared: What is clemency?)

parole

ManishaJared
    $600 23
an army base

Jared
    $600 10
(Manisha: What are iPod Pro? Yeah. i--[*].)

AirPod Pros

Manisha
    $800 7
the tree of the knowledge of good and evil

Jared
    $800 15
Dead to Me

Manisha
    $2,800 18
(Alex: Jared?)
(Jared: What is, uh...)
[Time's up]
(Jared: Chairman of the...)

chief of staff

Jared
    $800 24
wind farm

Jared
    $800 11
(Manisha: Uh... what is a tent?)

an umbrella

ManishaYoshie
    $1000 8
cherubim

Jared
    $1000 16
Meerkat Manor

Manisha
    $1000 19
the Consumer Price Index

Jared
    $1000 25
a idée fixe

Yoshie
    $1000 12
Dyson

Jared

Scores at the first commercial break (after clue 15):

Manisha Jared Yoshie
$1,400 $2,600 $2,600

Scores at the end of the Jeopardy! Round:

Manisha Jared Yoshie
$3,000 $2,800 $3,400

Double Jeopardy! Round responses

PEAK AT THE MOUNTAINS
A PLANT-BASED DIET
BILLBOARD NO. 1 SONG OF THE YEAR
19th CENTURY AMERICA
CAVEAT SCULPTOR
THAT'S SO "G-Q"
(Alex: Each correct response will include those two letters in that order.)
    $400 30
the Andes

Jared
    $400 13
baba ghanoush

Yoshie
    $400 24
the Black Eyed Peas

Manisha
    $400 29
Reconstruction

Jared
    $400 4
Michelangelo

Yoshie
    $400 18
intelligence quotient

Manisha
    $800 23
Kilimanjaro

Manisha
    $800 14
spring roll

Manisha
    $800 25
"Uptown Funk"

Manisha
    $800 10
Eli Whitney

Yoshie
    $800 5
Peter Pan

Manisha
    $800 19
grotesque

Manisha
    $1200 1
the Rockies

Triple Stumper
    $1200 15
MorningStar

Manisha
    $1200 26
(Alex: Less than a minute now.)

"TiK ToK"

Manisha
    $1200 7
Austin

Jared
    $1200 6
St. George

Jared
    $1200 20
a string quartet

Yoshie
    $2,000 2
France & Switzerland

Jared
    $1600 16
Cream of Wheat

Jared
    $1600 27
George Michael

Manisha
    $1600 8
Andrew Jackson

Jared
    $1600 11
(Gutzon) Borglum

Yoshie
    $1600 21
a flying squirrel

Manisha
    $2000 3
the Appalachians

Manisha
    $2000 17
(Manisha: What is taro?)

cassava

ManishaYoshie
    $2000 28
"Macarena"

Triple Stumper
    $3,000 9
(Alex: Jared?)
(Jared: What is Field & Stream?)

The Atlantic

Jared
    $2000 12
Rodin

Yoshie
    $2000 22
Algonquin

Yoshie

Scores at the end of the Double Jeopardy! Round:

Manisha Jared Yoshie
$13,400 $8,200 $13,800

[wagering suggestions for these scores]

Final Jeopardy! Round responses

BLOCKBUSTER MOVIES
(Alex: [Prior to revealing the clue] A little bit of advice for our contestants as they deal with BLOCKBUSTER MOVIES: pay close attention to every part of this clue.)
...
(Alex: The correct response--"What was [*]?") [Alex holds up his arm in a wrist-deflecting motion])
JaredWhat is 1917?
$5,601
ManishaWhat is Dunkirk?
$13,400
YoshieWhat is 1917?
$7,000
Wonder Woman

Final scores:

Manisha Jared Yoshie
$0 $2,599 $6,800
3rd place: $1,000 2nd place: $2,000 New champion: $6,800

Game dynamics:

Coryat scores:

Manisha Jared Yoshie
$13,400 $13,600 $13,800
20 R,
4 W
16 R
(including 1 DD),
3 W
(including 2 DDs)
16 R,
1 W

Combined Coryat: $40,800

The J! Archive is created by fans, for fans. The Jeopardy! game show and all elements thereof, including but not limited to copyright and trademark thereto, are the property of Jeopardy Productions, Inc. and are protected under law. This website is not affiliated with, sponsored by, or operated by Jeopardy Productions, Inc. Join the discussion at JBoard.tv.